Дело о книге, составленной учителем начального училища при Виленском еврейском учительском институте Вольпером

Доступно только в Электронных читальных залах Найти на картеНа карте
RUSMARC
00003733nmc2a22002413x 450
001b7a40f6a-c977-4d02-9af5-3258f35706d5
00520210819181628.0
100##$a20210322l18761882k l0rusy0189 ca
1010#$arus
102##$aRU
105##$ay###
1222#$ad
2001#$aДело о книге, составленной учителем начального училища при Виленском еврейском учительском институте Вольпером
$j16 июня 1876 г. - 5 октября 1882 г.
215##$a55 л.
$d36,5х26 см
251##$cДело
300##$aДело
371##$aДокумент не является опубликованным и широко распространяемым
461#0$1001a74412a3-3cc5-4d21-8f0a-dfe2fbd9e72d
$12001
$aДепартамент народного просвещения Министерства народного просвещения (1803-1917)
$1251
$cФонд
$1852
$j733
462#0$1001208a61b7-2020-4ed4-afdc-eeb27c3654e1
$12001
$aДела Департамента народного просвещения по части образования евреев (1863-1892 гг.)
$1251
$cОпись
$1852
$j189
801#0$aRU
$bРГИА
$c20210322
$gRCR
801#1$aRU
$bГлавНИВЦ
$c20210322
$2rusmarc
801#2$aRU
$bПБ им. Б.Н. Ельцина
$c20210819
$gRCR
$2rusmarc
850##$aРГИА
852##$aРГИА
$eФедеральное казенное учреждение "Российский государственный исторический архив" (РГИА)
$j545
937##$hРГИА
$d12361893
$aASBIBLIO_SCAN
035##$aRusGRCC00025976
856##$uhttp://readingroom.main.prlib.ru/item.aspx?id_node=n167491219&mode=full
Формат отображения